000 00506cam a2200145 4500500
005 20251012053054.0
041 _afre
042 _adc
100 1 0 _aFavard, Florent
_eauthor
245 0 0 _a« Watching with Ten Thousand Eyes » : la Machine de Person of Interest est-elle un personnage ?
260 _c2017.
500 _a17
786 0 _nOtrante | º42 | 2 | 2017-11-01 | p. 111-126 | 1148-0904
856 4 1 _uhttps://shs.cairn.info/revue-otrante1-2017-2-page-111?lang=fr&redirect-ssocas=7080
999 _c1549990
_d1549990